Statistics for Team Logo - Big West Conference

Click here to take the quiz!

General Stats

  • This quiz has been taken 18 times
  • The average score is 7 of 11

Answer Stats

Answer% Correct
Hawaii Rainbow Warriors
100%
Cal Poly Mustangs
80%
UC Irvine Anteaters
80%
UC Santa Barbara Gauchos
80%
UC Riverside Highlanders
73%
Cal State Fullerton Titans
67%
Long Beach State Beach
67%
Cal State Bakersfield Roadrunners
53%
UC Davis Aggies
53%
Cal State Northridge Matadors
47%
UC San Diego Tritons
47%

Score Distribution

Percentile by Number Answered

Percent of People with Each Score

Your Score History

You have not taken this quiz